La victoire en marche / (Record no. 71600)

MARC details
000 -LEADER
campo de control de longitud fija 00693nam a2200205 i 4500
001 - NÚMERO DE CONTROL
campo de control 71600
003 - IDENTIFICADOR DE NÚMERO DE CONTROL
campo de control ES-MaACL
005 - FECHA Y HORA DE LA ÚLTIMA TRANSACCIÓN
campo de control 20230906171155.0
007 - CAMPO FIJO DE DESCRIPCIÓN FÍSICA--INFORMACIÓN GENERAL
campo de control de longitud fija t|
008 - DATOS DE LONGITUD FIJA--INFORMACIÓN GENERAL
campo de control de longitud fija 040813s1916 fr ||||1| fre d
100 1# - ENTRADA PRINCIPAL--NOMBRE DE PERSONA
Nombre de persona George, David Lloyd.
9 (RLIN) 56379
245 13 - MENCIÓN DEL TÍTULO
Título La victoire en marche /
Mención de responsabilidad, etc. par David Lloyd George ; traduit d'apres l'arrangement de F.L. Stevenson, par Ch. M. Garnier et M. Mantoux.
260 ## - PUBLICACIÓN, DISTRIBUCIÓN, ETC.
Lugar de publicación, distribución, etc. París :
Nombre del editor, distribuidor, etc. [s.n.,
Fecha de publicación, distribución, etc. 1916] (
Fabricante Chronographie Française)
300 ## - DESCRIPCIÓN FÍSICA
Extensión XIV, 264 p. ;
Dimensiones 19 cm.
650 04 - PUNTO DE ACCESO ADICIONAL DE MATERIA--TÉRMINO DE MATERIA
Término de materia o nombre geográfico como elemento de entrada Guerra mundial, 1914-1918.
9 (RLIN) 13212
700 1# - ENTRADA AGREGADA--NOMBRE PERSONAL
Nombre de persona Stevenson, F. L.
9 (RLIN) 108166
700 1# - ENTRADA AGREGADA--NOMBRE PERSONAL
Nombre de persona Garnier, Ch. M.
9 (RLIN) 55605
700 1# - ENTRADA AGREGADA--NOMBRE PERSONAL
Nombre de persona Mantoux, M.
9 (RLIN) 76170
852 ## - LOCALIZACIÓN
Ubicación ES-MaACL
Número de control de estantería F-4597
Holdings
Estatus retirado Estado de pérdida Estado de daño No para préstamo Biblioteca de origen Biblioteca actual Ubicación en estantería Fecha de adquisición Fuente de adquisición Total de préstamos Signatura topográfica completa Código de barras Visto por última vez Precio de reemplazo Tipo de ítem Koha
        Biblioteca del Ateneo de Madrid Biblioteca del Ateneo de Madrid Depósito 2 17/01/2008     F-4597 1074961 23/02/2023 23/02/2023 Libro impreso